បណ្តាសត្ថល្ញិត និងជម្អឺជាមុខសញ្ញា ភូតគាម អនាម័យនៃរដ្ឋកម្ពុជា (Record no. 10)

000 -LEADER
fixed length control field 00514nam a22001457a 4500
003 - CONTROL NUMBER IDENTIFIER
control field OSt
005 - DATE AND TIME OF LATEST TRANSACTION
control field 20150905103421.0
008 - FIXED-LENGTH DATA ELEMENTS--GENERAL INFORMATION
fixed length control field 150905b xxu||||| |||| 00| 0 eng d
040 ## - CATALOGING SOURCE
Transcribing agency RUA
082 ## - DEWEY DECIMAL CLASSIFICATION NUMBER
Classification number AGR ជី 1992 B003 Or.1
100 ## - MAIN ENTRY--PERSONAL NAME
9 (RLIN) 12
Personal name ជី​ សុចិន្តា
245 ## - TITLE STATEMENT
Title បណ្តាសត្ថល្ញិត និងជម្អឺជាមុខសញ្ញា ភូតគាម អនាម័យនៃរដ្ឋកម្ពុជា
300 ## - PHYSICAL DESCRIPTION
Extent 99p.
Other physical details ill.
Dimensions 29cm.
942 ## - ADDED ENTRY ELEMENTS (KOHA)
Source of classification or shelving scheme
Koha item type AGR
Holdings
Price effective from Date last seen Permanent Location Not for loan Date acquired Source of classification or shelving scheme Koha item type Lost status Withdrawn status Total Renewals Date last checked out Total Checkouts Shelving location Damaged status Barcode Current Location Full call number
2015-09-052015-09-05Library Block B 2015-09-05 AGR     B003 RUA004249Library Block BAGR ជី 1992 B003 Or.1
2015-09-052015-09-05Library Block B 2015-09-05 AGR     B003 RUA004399Library Block BAGR ជី 1992 B003 Or.2
2015-09-052016-07-26Library Block B 2015-09-05 AGR   2016-07-151B003 RUA004008Library Block BAGR ជី 1992 B003 Or.3
2015-09-052016-12-26Library Block B 2015-09-05 AGR  12016-11-252B003 RUA004326Library Block BAGR ជី 1992 B003 Or.4
2015-09-052016-07-18Library Block B 2015-09-05 AGR   2016-07-041B003 RUA004255Library Block BAGR ជី 1992 B003 Or.5
2015-09-052016-07-18Library Block B 2015-09-05 AGR   2016-07-041B003 RUA004032Library Block BAGR ជី 1992 B003 Or.6
2015-09-052015-09-05Library Block B 2015-09-05 AGR     B003 RUA004464Library Block BAGR ជី 1992 B003 Or.7
2015-09-052015-09-05Library Block B 2015-09-05 AGR     B003 RUA001822Library Block BAGR ជី 1992 B003 Or.8
2015-09-052015-09-05Library Block B 2015-09-05 AGR     B003 RUA004393Library Block BAGR ជី 1992 B003 Or.9
មជ្ឈមណ្ឌលឯការនៃសាកលវិទ្យាល័យភូមិន្ទកសិកម្មចំការដូង

Powered by Koha